| 000 | 01537nam a2200157 a 4500 | ||
|---|---|---|---|
| 001 | 000032076 | ||
| 005 | 20200930063417.0 | ||
| 008 | 110712q1955 dr a 000 0 spa d | ||
| 040 |
_aDO-SdBNP _bspa _cBNPHU |
||
| 245 | 0 | 0 | _aRepública Dominicana. |
| 260 |
_a[Barranquilla] : _b[Editora Barranquilla], _c[1955]. |
||
| 300 |
_alxxvii, 607 p. : _bil., bl. y n. y color, láms., fotos ; _c33 cm. |
||
| 505 | 0 |
_aContenido: _tMomentos culminantes de la historia de Santo Domingo. -- _tDescubrimiento, conquista y colonia. -- _tLa República. -- _tTrujillo. -- _tViaje a España. -- _tPolíticas triunfantes. -- _tEl suelo. -- _tEl hombre. -- _tLa República Dominicana en cifras. -- _tBancos. -- _tEducación. -- _tCiudades y pueblos. -- _tBellas artes. -- _tArquitectura. -- _tObras públicas. -- _tPeriodismo. -- _tLa mujer. -- _tDeportes. -- _tNovelistas. -- _tPartido Dominicano. -- _tLa iglesia. -- _tLa frontera. -- _tIndustria y comercio. -- _tTransportes. -- _tAntología poética. |
|
| 590 | _aInformación encontrada en la Web: http://www.antiqbook.nl/boox/boek2/P835_39209.shtml (de la edición en inglés), y un comentario en un archivo (http://www.cielonaranja.com/breatextosarqui.pdf) indicando... ""Dominican Republic volumen XII of Colección América", (editado en junio, también del 1955, en Barranquilla, Colombia, por Julián Devis Echandia y Carlos Villa Yépez, con asistencia de Alfredo Devis Ferro y Manuel de Jesús Goico)..." | ||
| 590 | _aFaltan las cubiertas y portadas. A los dos ejemplares le faltan páginas. Se completan uno con el otro. | ||
| 999 |
_c31567 _d31567 |
||